Encyclopaedia of economics / (Record no. 122497)

MARC details
000 -LEADER
fixed length control field 00627nam a22002057a 4500
005 - DATE AND TIME OF LATEST TRANSACTION
control field 20170124105911.0
010 ## - LIBRARY OF CONGRESS CONTROL NUMBER
LC control number B-034976
020 ## - INTERNATIONAL STANDARD BOOK NUMBER
International Standard Book Number 8187818004
Terms of availability 495.00
035 ## - SYSTEM CONTROL NUMBER
System control number B-034976
037 ## - SOURCE OF ACQUISITION
Source of stock number/acquisition Cen Lib / Ret
040 ## - CATALOGING SOURCE
Original cataloging agency DPL
Language of cataloging EN
082 ## - DEWEY DECIMAL CLASSIFICATION NUMBER
Classification number 330.3
Item number ENC
245 ## - TITLE STATEMENT
Title Encyclopaedia of economics /
Statement of responsibility, etc edited by Deepak Jain
260 ## - PUBLICATION, DISTRIBUTION, ETC. (IMPRINT)
Place of publication, distribution, etc Delhi
Name of publisher, distributor, etc Lakshay Publications
Date of publication, distribution, etc 2001
270 ## - ADDRESS
Address WP-474, 1st Floor, Shiv Market, Ashok Vihar
City New Delhi
Postal code 110052
300 ## - PHYSICAL DESCRIPTION
Extent 288p.
Dimensions 19cm (Hb)
650 ## - SUBJECT ADDED ENTRY--TOPICAL TERM
Topical term or geographic name as entry element Economics
Form subdivision Encyclopaedia
9 (RLIN) 10244
700 ## - ADDED ENTRY--PERSONAL NAME
Personal name Jain, Deepak
9 (RLIN) 10246
942 ## - ADDED ENTRY ELEMENTS (KOHA)
Source of classification or shelving scheme Dewey Decimal Classification
Koha item type English Books
Classification part 330.3
Call number suffix ENC
Holdings
Withdrawn status Lost status Damaged status Not for loan Collection code Home library Current library Date acquired Source of acquisition Cost, normal purchase price Total Checkouts Full call number Barcode Date last seen Copy number Cost, replacement price Price effective from Koha item type
      Not For Loan Reference Central Library Central Library 27/05/2015 Cen Lib/Ret 495.00   330.3 ENC B-034976 27/05/2015 1 495.00 15/09/2016 English Books

© Delhi Public Library
Hit Counter
free hit counter